1 Minute Sprint - Lightning Knowledge - Statistics

General Stats
  • This quiz has been taken 5 times
  • The average score is 2 of 5
Answer Stats
Hint Answer % Correct
What US state is MIT located? Massachusetts
100%
What natural feature do swifts nest in? Caves
40%
What do GS-128 or EAN-13 relate to? Barcode
20%
What wood beginning with H is commonly used to make drumsticks? Hickory
20%
What 1972 Rolling Stones album was recorded in France? Exile on Main Street
0%
No matching quizzes found
Score Distribution
Percent of People with Each Score
Percentile by Number Answered
Your Score History
You have not taken this quiz